|
|
|
|
| LEADER |
00000cam a2200000 7i4500 |
| 001 |
0000001110 |
| 002 |
000001226 |
| 005 |
20000330.0 |
| 020 |
|
|
|a 0861631307
|
| 090 |
0 |
0 |
|a JF
|b HAL
|
| 100 |
0 |
|
|a Hall, Howard
|
| 245 |
0 |
0 |
|a Storyland :
|b classic tales for children
|c Howard Hall ; illustrated by Rene Cloke
|
| 260 |
|
|
|a London :
|b Award Publications ,
|c 1985
|
| 300 |
|
|
|a 144 p. ;
|c 21 cm.
|
| 650 |
0 |
0 |
|a Children's stories
|
| 700 |
0 |
|
|a Cloke, Rene ,
|e Illustrated by
|
| 999 |
|
|
|a 00074826
|b BUKU
|c PINJAMAN
|e PERPUSTAKAAN KOMUNITI PETALING JAYA
|
| 999 |
|
|
|a 00074827
|b BUKU
|c PINJAMAN
|e PERPUSTAKAAN KOMUNITI PETALING JAYA
|
| 999 |
|
|
|a 031333
|b BUKU
|c JUNIOR FICTION
|e PERPUSTAKAAN KOMUNITI PETALING JAYA
|
| 999 |
|
|
|a 031334
|b BUKU
|c PINJAMAN
|e PERPUSTAKAAN KOMUNITI PETALING JAYA
|
| 999 |
|
|
|a 045213
|b BUKU
|c PINJAMAN
|e PERPUSTAKAAN KOMUNITI CAW KOTA DAMANSARA
|